000 00810nam a2200253 a 4500
001 17504
003 BD-RjUL
005 20211209000142.0
008 190209s1935 ii b 001 0 eng
035 _a(BD-RjUL)17562
040 _aDLC
_cDLC
_dDLC
_dBD-RjUL
_beng
041 _aeng
043 _aa-ii---
082 0 0 _a320.954
_223
_bRAP 1935
100 1 _aRamamurti, Pratapagiri
_9227932
245 1 4 _aThe problem of the Indian polity /
_cby Pratapagiri Ramamurti ; with a foreword by John McKenzie
260 _aCalcutta :
_bLongmans, Green and Co. Ltd. ,,
_c1935
300 _axii, ii, 475 p. ;
_c23 cm.
500 _aIncludes index.
504 _aBibliography: p. [446]-459.
650 0 _aPolitical science
_zIndia
_xHistory.
_9227933
700 _aMcKenzie, John, foreworder
_9227934
942 _2ddc
_cRAR
999 _c17504
_d17504